Актуальные проблемы развития высшего медицинского образования России XVIII-XXI вв. (Запись № 10841231)

Подробности
000 -МАРКЕР
контрольное поле 02943nam0a2200361 i 4500
001 - ИДЕНТИФИКАТОР ЗАПИСИ
контрольное поле RU\NLR\BIBL_A\011591521
005 - ИДЕНТИФИКАТОР ВЕРСИИ
контрольное поле 20260407085008.0
010 ## - МЕЖДУНАРОДНЫЙ СТАНДАРТНЫЙ НОМЕР КНИГИ (ISBN)
Номер (ISBN) 9785889994602
Тираж 50
021 ## - НОМЕР ГОСУДАРСТВЕННОЙ РЕГИСТРАЦИИ
Код страны Российская Федерация
Номер 2017-95247
Номер Листа государственной регистраци 6838
035 ## - ДРУГИЕ СИСТЕМНЫЕ НОМЕРА
Идентификатор записи (RuMoRGB)009483040
035 ## - ДРУГИЕ СИСТЕМНЫЕ НОМЕРА
Идентификатор записи (NLR Aleph) 011591521
100 ## - ДАННЫЕ ОБЩЕЙ ОБРАБОТКИ
Данные общей обработки 20180112d2017 km y0rusy50 ca
101 0# - ЯЗЫК РЕСУРСА
Язык текста, звукозаписи и т.д. русский
102 ## - СТРАНА ПУБЛИКАЦИИ ИЛИ ПРОИЗВОДСТВА
Страна публикации Российская Федерация
105 ## - ПОЛЕ КОДИРОВАННЫХ ДАННЫХ: ТЕКСТОВЫЕ МАТЕРИАЛЫ, МОНОГРАФИЧЕСКИЕ
Кодированные данные о монографическом текстовом документе y|||z|||010zy
200 1# - ЗАГЛАВИЕ И СВЕДЕНИЯ ОБ ОТВЕТСТВЕННОСТИ
Основное заглавие Актуальные проблемы развития высшего медицинского образования России XVIII-XXI вв.
Сведения, относящиеся к заглавию сборник статей научно-практической конференции с международным участием "К 120-летию Первого Санкт-Петербургского государственного медицинского университета имени акад. И. П. Павлова", 9 ноября 2017 года
Первые сведения об ответственности Федеральное государственное бюджетное образовательное учреждение высшего образования "Первый Санкт-Петербургский государственный медицинский университет им. акад. И. П. Павлова" Министерства здравоохранения Российской Федерации
Последующие сведения об ответственности [ответственный редактор: д.ист.н., проф. И. В. Зимин]
210 ## - ПУБЛИКАЦИЯ, РАСПРОСТРАНЕНИЕ И ДР.
Место издания, распространения и т.д. Санкт-Петербург
Имя издателя, распространителя и т. д. РИЦ ПСПбГМУ
Дата издания, распространения и т.д. 2017
215 ## - ФИЗИЧЕСКАЯ ХАРАКТЕРИСТИКА
Специфическое обозначение материала и объем 152 с.
Размеры 20
320 ## - ПРИМЕЧАНИЯ О НАЛИЧИИ В ДОКУМЕНТЕ БИБЛИОГРАФИИ / УКАЗАТЕЛЯ
Текст примечания Библиогр. в конце ст.
601 02 - НАИМЕНОВАНИЕ ОРГАНИЗАЦИИ КАК ПРЕДМЕТ
Начальный элемент ввода Санкт-Петербургский государственный медицинский университет им. И. П. Павлова
Системный номер авторитетной/нормативной записи 2191488
Идентификатор авторитетной/нормативной записи RU\NLR\AUTH\661317349
606 1# - НАИМЕНОВАНИЕ ТЕМЫ КАК ПРЕДМЕТ
Наименование темы Высшее медицинское образование
Тематический подзаголовок История
Географический подзаголовок Россия
Хронологический подзаголовок 18 - 21 вв.
Системный номер авторитетной/нормативной записи 2353555
Идентификатор авторитетной/нормативной записи RU\NLR\AUTH\6601628722
686 ## - ИНДЕКСЫ ДРУГИХ КЛАССИФИКАЦИЙ
Индекс Р11(2)р3г.я431(0)
Код системы
686 1# - ИНДЕКСЫ ДРУГИХ КЛАССИФИКАЦИЙ
Индекс Ч488.94(2Р)7я431
686 1# - ИНДЕКСЫ ДРУГИХ КЛАССИФИКАЦИЙ
Индекс Ч488.93(2)я431
702 #1 - ИМЯ ЛИЦА - ВТОРИЧНАЯ ОТВЕТСТВЕННОСТЬ
Начальный элемент ввода Зимин
Часть имени, кроме начального элемента ввода И. В.
Расширение инициалов личного имени Игорь Викторович
Код отношения Редактор
711 12 - НАИМЕНОВАНИЕ ОРГАНИЗАЦИИ - АЛЬТЕРНАТИВНАЯ ОТВЕТСТВЕННОСТЬ
Начальный элемент ввода "К 120-летию Первого Санкт-Петербургского государственного медицинского университета имени академика И. П. Павлова", научно-практическая конференция с международным участием
Дата проведения временной организации 2017
Системный номер авторитетной/нормативной записи 585929
Идентификатор авторитетной/нормативной записи RU\NLR\AUTH\880461680
712 02 - НАИМЕНОВАНИЕ ОРГАНИЗАЦИИ - ВТОРИЧНАЯ ОТВЕТСТВЕННОСТЬ
Код отношения Организатор конференции
Начальный элемент ввода Санкт-Петербургский государственный медицинский университет им. И. П. Павлова
Идентификатор авторитетной/нормативной записи RU\NLR\AUTH\8812801
Системный номер авторитетной/нормативной записи 298499
942 ## - ДОПОЛНИТЕЛЬНЫЕ ЭЛЕМЕНТЫ ЗАПИСИ (АБИС)
Тип экземпляра АБИС Книга
980 ## - КОЛЛЕКЦИЯ
Название коллекции НБР

Нет доступных экземпляров.